| 000 | 00802nam a2200253 a 4500 | ||
|---|---|---|---|
| 005 | 20240906063831.0 | ||
| 008 | 170323s1986 es r 000 0 spa d | ||
| 020 | _a8476400624 | ||
| 035 | _aUPN01000217000 | ||
| 049 | _aCG | ||
| 050 | 4 |
_aBF431 _bD6.2 |
|
| 100 | 1 |
_aDoman, Glenn, _d1919-2013 _940243 |
|
| 245 | 1 | 0 |
_aCómo multiplicar la inteligencia de su bebé / _cGlenn Doman ; tr. Rafael Lassaletta. |
| 260 |
_aMadrid : _bEDAF, _c1986. |
||
| 300 |
_a342 p. : _bil. |
||
| 440 | 0 | _aTemas de superacion personal | |
| 534 |
_pTítulo original: _tHow to multiply your babys intelligence |
||
| 650 | 4 |
_aINTELIGENCIA - _xESTUDIO Y ENSEÑANZA _9941 |
|
| 650 | 2 |
_aDesarrollo cognoscitivo _95390 |
|
| 650 | 4 |
_aDesarrollo infantil _9176 |
|
| 905 | _aLibro | ||
| 999 |
_c189100 _d189100 |
||